| 000 | 00609ata a2200241 4500 | ||
|---|---|---|---|
| 005 | 20250821183527.0 | ||
| 008 | 150519b2001 xxu||||| |||| 00| 0 spa d | ||
| 020 | _a8449310210 | ||
| 041 | _aESP | ||
| 082 | _a616.891.8 B967g | ||
| 100 |
_aBurns, David _921492 |
||
| 245 | _aGuía de antidrepesivos de sentirse bien | ||
| 260 | _aEspaña | ||
| 260 | _bEditorial Paidós | ||
| 260 | _c2001 | ||
| 300 | _a255 páginas | ||
| 490 | _aTemática General | ||
| 650 | _aTERAPIA FARMACOLÓGICA | ||
| 650 | _aDEPRESIÓN | ||
| 650 | _aANTIDEPRESIVOS | ||
| 650 | _aRELACIÓN MENTE-CUERPO | ||
| 942 |
_cBK _2ddc |
||
| 999 |
_c5638 _d5638 |
||